[Event "USA-ch"]
[Site "San Diego"]
[Date "2004.11.24"]
[Round "1"]
[White "Lopez, Bruci"]
[Black "Ivanov, Alexander"]
[Result "1/2-1/2"]
[WhiteElo "2403"]
[BlackElo "2582"]
[Annotator "Erenburg,S"]
[PlyCount "87"]
[EventDate "2004.11.24"]
[EventType "swiss"]
[EventRounds "9"]
[EventCountry "USA"]
[SourceTitle "CBM 105"]
[Source "ChessBase"]
[SourceDate "2005.04.11"]
[SourceVersion "1"]
[SourceVersionDate "2005.04.11"]
[SourceQuality "1"]

1. e4 g6 2. d4 Bg7 3. Nc3 c6 4. Bc4 d6 5. Qf3 e6 6. Nge2 Nf6 {Black has tried
the following possibilities as well:} (6... Nd7 {0-1 Mateo,R-Nisipeanu,L/
Decameron 2003/CBM 99/[Erenburg] (31)}) (6... b5 {1/2-1/2 Rublevsky,S-Piket,J/
Montecatini Terme 2000/CBM 79/[Finkel,A] (43)}) 7. h4 {Aggressive and
interesting continuation. White tries to manage an attack on the kingside with
h4-h5. Other options are:} (7. Bf4 Qe7 8. O-O Nbd7 9. a4 e5 10. Bg5 h6 11. Bh4
g5 12. Bg3 h5 13. dxe5 dxe5 14. h4 Bh6 15. hxg5 Bxg5 16. Nd1 Nb6 17. Qd3 Bg4
18. a5 Nxc4 19. Qxc4 h4 $19 {0-1 Al Sayed,M-Motwani,P/Catalan Bay 2004/CBM 098
ext (31)}) (7. Bb3 Nbd7 8. O-O O-O 9. Be3 b5 10. Rad1 Bb7 11. Ng3 Qc7 12. Qe2
a5 13. a3 Ba6 14. Qd2 b4 15. Nce2 c5 16. c3 Rfb8 17. Ba2 Nb6 18. f3 bxa3 19.
bxa3 Nc4 20. Bxc4 Bxc4 $15 {0-1 Bryson,D-Ivanov,A/Bled 2002/EXT 2003 (63)}) (7.
Bg5 Nbd7 8. O-O-O e5 9. Bb3 Qa5 10. dxe5 Nxe5 11. Qf4 Nfg4 12. h3 f6 13. hxg4
fxg5 14. Qd2 Bxg4 15. Kb1 Bxe2 16. Qxe2 O-O-O $17 {1/2-1/2 Tseitlin,M-Kantsler,
B/Israel 1996/CBM 052 ext (103)}) (7. O-O O-O 8. Bf4 Nh5 9. Be3 Nd7 10. Ng3
Nxg3 11. Qxg3 d5 12. exd5 exd5 13. Bd3 f5 14. Ne2 Nf6 15. Qh4 Qb6 16. a4 Nh5
17. Qe7 a5 $13 {1-0 Vukovic,Z-Djuric,S/Tivat 1995/CBM 048 ext (39)}) 7... Nbd7
8. Qg3 $146 {White both attacks the d6-pawn and prepares to carry out the
breakthrough h4-h5. In the preceding game White continued} (8. Bg5 {0-1 Grosar,
A-Fauland,A/Austria 1996/CBM 057 ext/[Balinov] (34)}) 8... e5 9. h5 b5 {
White occupied some space on the kingside, so Black does the same on the
another part of the board!} 10. h6 $2 {[%mdl 16384] I think, white shouldn't
have hurried with this move... Actually, after h5-h6, Black can castle short,
as White will not have serious attack on the kingside.} ({Better was} 10. Bd3
b4 11. Nb1 $14 {[%cal Yb1d2,Yd2c4]}) 10... Bf8 11. Bd3 Be7 12. a4 {trying to
create some weakness in the Black's camp, and to activate the queenside knight.
On the other hand, it helps Black to open up the game immediately.} ({The
simple} 12. O-O {deserves attention.}) 12... b4 13. Nb1 {intending to transfer
the knight to c4 via d2.} c5 $1 {Black doesn't hurry with the castle, but
first he manages a struggle around the control over the centre.} 14. dxe5 Nxe5
15. Bb5+ Ned7 $1 {Black doesn't change the bishops, as white's one is
absolutely passive... In opposite, black's light-squared bishop will be
extremely active on the long diagonal.} 16. Nd2 Bb7 17. Bd3 O-O {Now it is
clear, that White's decision on the 10th move was unsuccessful.} 18. b3 {
preparing to transfer the dark-squared bishop to the long diagonal.} d5 $1 $32
{Black has development advantage, therefore, he opens up the game.} ({Worse is
} 18... Ne5 19. Bb2 Nxd3+ 20. cxd3 d5 21. e5 Nd7 22. Kf1 $1 $13 {[%cal Ya1e1]})
19. e5 c4 $1 {In this way, Black prevents White's light pieces from occupying
the c4-square.} (19... Ne4 $143 20. Bxe4 (20. Nxe4 dxe4 21. Bc4 Nxe5) 20...
dxe4 21. Bb2 $13 {[%cal Yd2c4]}) 20. Bf5 (20. exf6 $2 Bxf6 $17) (20. bxc4 Ne4
21. Bxe4 dxe4 22. O-O Qc7 $15) 20... Nxe5 21. Qxe5 Re8 {[%cal Ye7d6]} ({
Black could achieve advantage after} 21... Bd6 22. Qd4 Re8 23. Nf3 gxf5 24. Bg5
Re6 25. O-O cxb3 26. cxb3 Ba6 27. Rfe1 Bxe2 28. Bxf6 (28. Rxe2 Rxe2 29. Bxf6
Qb6 30. Qh4 Bf4 $19) 28... Qxf6 29. Qxf6 Rxf6 30. Rxe2 Rd8 $15) 22. Nf3 ({After
} 22. Qg3 Bd6 23. f4 Qe7 24. Bg4 Nxg4 25. Qxg4 d4 $40 {White's position is
very unpleasant.}) 22... Bc5 (22... Bd6 {- see 21...Bd6.}) 23. Qf4 ({Comes
into consideration:} 23. Qg3 $5 d4 $44 (23... Bc8 24. Bxc8 Ne4 25. Qf4 Bxf2+
26. Kf1 Rxc8 27. Ng5 $14)) 23... Qe7 (23... d4 {is met by} 24. bxc4 $1 (24. O-O
Rxe2 $19)) 24. O-O (24. Be3 d4 25. Nfxd4 Nd5 26. Qg3 Nxe3 27. fxe3 Qxe3 28.
Qxe3 Rxe3 $17) 24... Qxe2 25. Bxg6 fxg6 26. Qxf6 {[%cal Yc1e3]} Qe7 $1 (26...
Re7 $2 {[%cal Ya8f8]} 27. Be3 $1 Rf8 28. Qxf8+ Kxf8 29. Bxc5 $18) 27. Qf4 Rf8
28. Qg4 Bc8 $2 {missing a more attractive option:} (28... Rae8 $1 29. bxc4 (29.
Bg5 Qf7 $17) 29... Qc7 {[%cal Ye8e4]} 30. cxd5 Bxd5 $17) (28... Qe2 $2 29. Be3
$1 Bxe3 30. Qe6+ Rf7 31. fxe3 $18) 29. Qg3 Bd6 $6 (29... Bf5 $5 {seems
stronger.}) {[%tqu "En","Please find the best move for white.","","","c1g5","",
10]} 30. Bg5 $1 {It looks like Black has overlooked this move...} Qe6 (30...
Qc7 $5 31. Qh4 Bf5 (31... Bb7 32. Nd4 (32. Rfe1 Rae8 $13) 32... Qf7 $13) 32.
Nd4 Be5 33. Nxf5 Rxf5 34. Rad1 Re8 35. Rfe1 Qc6 $13) 31. Qh4 Qg4 32. Rad1 Qxh4
33. Bxh4 {Black has traded the queens, but now almost all his pieces are not
in the game in opposite to white's ones... Therefore, here black should have
reconsidered the evaluation of the position and to think about equality.} Bb7 (
33... cxb3 34. cxb3 Bb7 35. Rfe1 Rae8 $11) 34. Rfe1 $6 (34. bxc4 {is stronger,
as white robs from Black the resource of 34...cxb3.} Rae8 (34... Rac8 35. Rfe1
Rxc4 36. Be7 $16) 35. Rfe1 {-the game.}) 34... Rae8 $2 (34... cxb3 35. cxb3
Rae8 $11) 35. bxc4 (35. Rxe8 Rxe8 36. bxc4 Rc8 37. cxd5 {leads to the position
in the game, but white's knight is not on e1, but on f3, so the c2 pawn is not
protected.}) 35... Rxe1+ 36. Nxe1 Rc8 37. cxd5 Rc5 38. f3 $2 {missing the way
to get an advantage.} (38. Bg3 $1 Bxg3 39. fxg3 Rxd5 (39... Bxd5 40. Rd4 Bc6 (
40... a5 41. Nd3 $18) 41. Rxb4 Kf7 (41... Ra5 42. Rb8+ Kf7 43. Rh8) 42. Rb8 Be4
43. Rb5 Rc7 (43... Rxb5 44. axb5 $18 {[%cal Yg1f2,Yf2e3]}) 44. g4 $16) 40. Rb1
$1 a5 41. c3 Re5 42. cxb4 axb4 43. Nd3 Re2 44. Nf2 $16) 38... Rxd5 39. Rxd5
Bxd5 {Now Black easily eliminates White's queenside pawns and gets the draw.}
40. Bf2 a5 41. Bb6 Bf4 42. Nd3 Bxh6 43. Bxa5 b3 44. cxb3 1/2-1/2

[Event "EU-ch 5th"]
[Site "Antalya"]
[Date "2004.05.18"]
[Round "4"]
[White "Pashikian, Arman"]
[Black "Istratescu, Andrei"]
[Result "1/2-1/2"]
[WhiteElo "2466"]
[BlackElo "2587"]
[Annotator "Erenburg,S"]
[PlyCount "70"]
[EventDate "2004.05.15"]
[EventType "swiss"]
[EventRounds "13"]
[EventCountry "TUR"]
[SourceTitle "CBM 101"]
[Source "ChessBase"]
[SourceDate "2004.07.27"]
[SourceVersion "1"]
[SourceVersionDate "2004.07.27"]
[SourceQuality "1"]

1. e4 c5 2. Nc3 g6 3. d4 Bg7 4. dxc5 {White chooses the more aggressive
continuation.} ({While the "1.d4 player" would prefer the following line, as
it transforms to Benoni:} 4. d5 Nf6 5. e5 Ng8 6. Nf3 d6 7. Bf4 dxe5 8. Nxe5 Nd7
9. Nxd7 Bxd7 10. Bc4 Rc8 11. O-O Nf6 12. Re1 $14 {1-0 Svidler,P-Simon,F/
Darmstadt 2000/CBM 76 ext (29)}) 4... Bxc3+ {worsening white's pawn structure.
Another theoretical line is} (4... Qa5 {1-0 Sveshnikov,E-Ghaem Maghami,E/
Stepanakert 2004/CBM 100_01/[Erenburg] (57)}) 5. bxc3 Qa5 6. Qd4 {White
doesn't give black to take the pawn back, therefore, this continuation seems
more principal than the following ones:} (6. Rb1 Qxc5 $6 7. Qd4 Qxd4 8. cxd4
$14 {1-0 Stripunsky,A-Karen,B/Nassau 2001/EXT 2003 (36)}) (6. Bd3 Qxc5 7. Ne2
d6 8. O-O Nd7 9. Nf4 Ngf6 10. c4 e5 11. Nd5 Nxd5 12. cxd5 f6 13. Bh6 $16 {
1-0 Flores,D-Dolezal,C/Tres de Febrero 2003/CBM 96 ext (28)}) (6. Ne2 Nc6 7.
Be3 Nf6 8. f3 O-O 9. Qd2 Rd8 10. Nd4 d5 11. Rd1 Nxd4 12. cxd4 Qxd2+ 13. Rxd2
dxe4 14. c4 $14 {1-0 Ganbold,O-Htun Htun Than/Yangon 1999/EXT 2000 (33)}) 6...
Nf6 7. Qb4 {White tried also} (7. f3 Nc6 8. Qe3 O-O 9. Bd2 b6 10. cxb6 axb6 11.
Ne2 Ne5 12. Nd4 Ba6 13. Bxa6 Rxa6 14. Qe2 Rc8 15. Qb5 Nc4 $44 {54 moves. 0-1
Hnydiuk,A-Gritsak,O/Polanica Zdroj 2001/EXT 2002 (23)}) 7... Qc7 8. Bd3 $5 $146
{According to my database, this move is new. In the previous games white
continued} (8. Nf3 O-O (8... Nc6 $5) 9. Bd3 a5 $6 10. Qc4 b5 $2 11. cxb6 Qxc4
12. Bxc4 Bb7 13. e5 $18 {1-0 Fressinet,L-Bellon Lopez,J/France 2000/EXT 2001 
(38)}) 8... b6 $6 {Dubious decision. Black loses another pawn, and it will not
be an easy task to prove that he has a sufficient compensation.} ({Deserved
attention:} 8... Nc6 9. Qc4 (9. Qa4 Qe5) 9... Na5 (9... b6 10. cxb6 axb6 11.
Nf3 Ba6 12. Qb3 $14) 10. Qd4 {[%cal Yd4e3]} Nc6 11. Qe3 Nd8 $13) 9. cxb6 axb6 {
[%tqu "En","Please find the way to win the pawn.","","","c1e3","",10]} 10. Be3
$1 Na6 {[%tqu "En","Please enter the best move.","","","e3b6","",10]} 11. Bxb6
$1 Qc6 12. Qd4 d6 13. a4 {intending to push forward the pawn till a5, that it
will defend the dark-squared bishop.} O-O (13... e5 $2 14. Bb5 $18) 14. a5 Nc5
15. Bxc5 dxc5 16. Qa4 $16 {White is two pawns up, and he needs only two tempos
to secure his king. It seems like black isn't able to create serious threats...
} Qc7 17. Nf3 ({Interesting was} 17. a6 $5 {, liberating the a5 square for the
queen.} Bd7 18. Qa5 Qc6 $1 {[%cal Yf6e4,Yc5c4]} 19. Nf3 $1 Nxe4 20. O-O $16)
17... Bd7 18. Qa2 Rfc8 19. Nd2 $1 {preventing c5-c4.} Qf4 $1 {Black activates
his queen, transfering it to kingside, from where it will create some threats
against white monarch.} 20. g3 Qh6 21. Nc4 Be6 22. Qa4 {threatening with Nb6.}
(22. O-O Ng4 23. h4 g5 $13) 22... Bxc4 $5 23. Bxc4 $2 {After this move black
succeeds to get a dangerous initiative. Much better was} (23. Qxc4 Rxa5 24.
Rxa5 Qc1+ 25. Ke2 Qxh1 26. Rxc5 $16 {/+-}) 23... Rd8 24. Bd3 {preventing Qd2.
Other continuations don't neutralize black's initiative:} (24. O-O Ng4 25. h4
g5 26. Be2 gxh4 27. Bxg4 hxg3 28. Kg2 (28. fxg3 Rd2 29. Rf2 Qe3 $19) 28... Qh2+
29. Kf3 Rd2 $44) (24. f4 g5 25. e5 gxf4 26. exf6 fxg3 $40) 24... Ng4 $1 {
preventing from white to castle, and, at the same time, transfering the knight
to superb position e5.} 25. h4 Ne5 26. O-O {Better later, than never!} g5 27.
Kg2 (27. hxg5 Qh5 $1 28. Kg2 {-see the game.}) 27... Qh5 ({Deserves serious
attention:} 27... gxh4 28. Rh1 Qf6 29. Rxh4 Qf3+ 30. Kg1 Ng4 31. Rxg4+ Qxg4 $13
) 28. hxg5 Qf3+ 29. Kg1 c4 $1 30. Bxc4 Rd2 $44 {Black's pieces are extremely
active, that make white serious problems.} 31. Qb4 {getting the queen into the
game. It looks slowly, but white realized, that black hasn't so terrible
threats...} (31. Qb5 Qxe4 32. Bd3 Nf3+ 33. Kh1 Rxd3 34. Qxd3 Qg4 35. Kg2 Nh4+
$11) 31... e6 {Black had a draw, but he plays already for a win!} (31... Qg4
$11 {[%cal Ye5f3,Yf3h4]}) 32. Bd3 {preparing to attack black rook with c3-c4.}
Qh5 {Black didn't find the way to improve the position, so he goes for
perpetual check.} (32... Qg4 $11) 33. Kg2 Qf3+ (33... Ng4 34. Qc5 Qh2+ 35. Kf3
Qh5 36. Kg2 $11 (36. Rh1 Ne5+ 37. Kf4 Nxd3+ 38. cxd3 e5+ $1 39. Qxe5 Rxf2+ $19)
) 34. Kg1 Qh5 35. Kg2 Qf3+ 1/2-1/2

[Event "RUS-ch U20"]
[Site "Nojabrsk"]
[Date "2005.03.06"]
[Round "5"]
[White "Kurnosov, Igor"]
[Black "Novikov, Stanislav"]
[Result "0-1"]
[WhiteElo "2538"]
[BlackElo "2514"]
[Annotator "Erenburg,S"]
[PlyCount "106"]
[EventDate "2005.03.02"]
[EventType "tourn"]
[EventRounds "11"]
[EventCountry "RUS"]
[EventCategory "11"]
[SourceTitle "CBM 106"]
[Source "ChessBase"]
[SourceDate "2005.06.06"]
[SourceVersion "1"]
[SourceVersionDate "2005.06.06"]
[SourceQuality "1"]

1. e4 g6 2. Nc3 Bg7 3. d4 c6 4. Bc4 d6 {Black allows white to get a
development advantage, but, he hopes to compensate it by occupying some space
on the queenside.} 5. Qf3 e6 6. Nge2 b5 {Other theoretical possibilites are:} (
6... Nf6 {---> 1/2-1/2 Lopez,B-Ivanov,A/San Diego 2004/CBM 105_01/[Erenburg] 
(44)}) (6... Nd7 {---> 0-1 Mateo,R-Nisipeanu,L/Decameron 2003/CBM 99/[Erenburg]
(31)}) 7. Bb3 {White tried also} (7. Bd3 {---> 1-0 Rozentalis,E-Goldenberg,D/
Montreal 2000/CBM 079/[Rozentalis] (40)}) 7... a5 8. a3 {preparing the a2
square for the light-squared bishop.} ({Another possibility is} 8. a4 b4 9. Nd1
{---> 1/2-1/2 Kritz,L-Krasenkow,M/Germany 2005/CBM 106_01/[Erenburg] (43)})
8... Ba6 9. d5 {White opens up the game, as he has a development advantage. He
needed to "relive" his light-squared bishop.} ({The castle at this moment
seems absolutely not flexible:} 9. O-O Nd7 10. Bf4 Qe7 {---> 0-1 Nunn,J-Shirov,
A/Germany 1996/GER-chT/[Shirov] (39)}) 9... cxd5 10. exd5 e5 11. Ne4 {
occupying the central stronghold, and, at the same time, preventing from black
to complete the development of kingside.} h6 $1 {covering the g5 square, thus,
preparing to carry out f7-f5, and to develop the kingside knight.} ({Worse is} 
11... Qc7 12. c4 $1 bxc4 13. Ba4+ Nd7 14. N2c3 Ke7 $2 15. Nxd6 $1 {---> 1-0
Polgar,J-Shirov,A/Amsterdam 1995/CBM 049/[Stohl] (21)}) (11... f5 $2 {is met by
} 12. Ng5 {[%cal Gg5e6]}) (11... Nf6 $2 12. Bg5 $18) 12. g4 {preventing
black's f7-f5. White has tried the following continuations as well:} (12. Qg3
Nf6 (12... Ne7 $6 13. f4 f5 14. fxe5 $5 Bxe5 15. Bf4 Bxf4 16. Nxf4 fxe4 17. Ne6
$44 {[%csl Re8][%cal Rg3c3] עe8,/\Qc3}) 13. Nxf6+ Qxf6 $13) (12. h4 f5 13. Nd2
Ne7 14. a4 b4 15. h5 g5 16. Bc4 O-O $17 {Sargissian,G-Galdunts,S/Erevan op (05)
/1996}) 12... Nf6 13. N2g3 Nxe4 14. Nxe4 Qc7 $5 {Interesting decision. Black
doesn't want to castle yet, as white can start an attack on the kingside
immediately... Black improves the position of his queenside pieces.} (14... O-O
15. Qh3 f5 16. gxf5 Bc8 17. Ng3 $13 {---> 1/2-1/2 Rublevsky,S-Piket,J/
Montecatini Terme 2000/CBM 079/[Finkel,A] (43)}) 15. Bd2 $146 {In a previous
game white tried to sacrifice the "c" pawn:} (15. c4 {, but without special
success:} bxc4 16. Ba4+ Nd7 17. Bd2 O-O 18. Qh3 Nc5 $17 {0-1 Kozamernik,
J-Skoberne,J/Bled 2003/CBM 095 ext (28)}) 15... Nd7 {Very interesting and
unusual position- the both opponents play with the kings in the centre...} 16.
Qc3 (16. Rc1 {comes to consideration.}) 16... Nc5 17. Be3 (17. Nxc5 dxc5 18.
Qxa5 Qxa5 19. Bxa5 c4 20. Ba2 Bb7 $17) 17... a4 (17... Rc8 18. Bxc5 dxc5 19. d6
Qd7 20. Bd5 $36) 18. Bxc5 (18. Nxd6+ Qxd6 19. Bxc5 Qd7 (19... Qc7 20. d6 $16 {
[%cal Yb3d5]}) 20. Ba2 Qxg4 {[%cal Gg4e4,Yb5b4,Ya6e2,Gg4e2]} 21. Qe3 $13) (18.
Ba2 Rc8 $13) 18... dxc5 19. d6 $2 ({Better was} 19. Ba2 Rc8 $13) 19... Qb7 $2 {
Black decided, that his queen has to be protected, but, in this particular
position it isn't the point! Black had to locate his queen on c6, that it
wouldn't be attacked by white's knight:} (19... Qc6 $1 20. Bxf7+ (20. d7+ Kd8
21. O-O-O axb3 $19) (20. Qf3 O-O-O $1 (20... Kd8 21. Bxf7 Rf8 22. O-O-O Bb7 23.
Rhe1 Qd7 24. Qd3 Rxf7 25. Nxc5 $18) 21. Bxf7 Rhf8 22. Be6+ Kb8 $19 {[%cal
Yd8d6]}) 20... Kxf7 21. Qf3+ Ke6 22. O-O-O (22. Ng5+ Kxd6 23. O-O-O+ Kc7 24.
Qf7+ Kb6 $19) 22... Rhf8 23. Qe3 {[%cal Ye4c5]} Rad8 24. Nxc5+ Kf7 $17 {
[%cal Yf7g8]}) 20. d7+ $4 {missing a winning continuation:} (20. O-O-O $1 {
[%cal Yb3d5]} axb3 (20... Qxe4 21. d7+ {[%cal Yc3c5]} Kd8 22. Qa5+ $18) 21. d7+
Ke7 (21... Kd8 22. Nd6 {[%cal Yd6f7]}) 22. Qxc5+ Kd8 23. Nd6 Qf3 24. Qb6+ Ke7
25. Nc8+ $1 Raxc8 26. Qd6+ Kd8 27. dxc8=Q+ Kxc8 28. Qxa6+ $18) 20... Qxd7 21.
Rd1 Qxg4 22. Nd6+ {robbing from black an option of castle.} (22. Bd5 {isn't
better:} b4 (22... O-O $5 $17) 23. Qe3 O-O 24. Bxa8 Rxa8 $36) 22... Kf8 23. Bd5
$6 {White should have taken the f7 pawn, in order to reduce black's material
advantage:} (23. Bxf7 b4 24. Qe3 Rd8 {[%cal Yg4d1]} (24... bxa3 25. h3 $1 (25.
bxa3 e4 {[%cal Yg7c3]} 26. c4 Rb8 $19 {[%cal Yb8b2]}) 25... Qe2+ 26. Qxe2 Bxe2
27. Kxe2 axb2 28. Ba2 $13) (24... e4 25. Bd5 Rd8 {[%cal Yg7b2]} 26. Nc4) 25.
Rd2 bxa3 26. bxa3 (26. h3 axb2 $19) 26... Rb8 27. Ba2 (27. Rd1 e4 $19 {[%cal
Gg7c3,Yg7d4]}) 27... Qg2 28. Qe4 Qxe4+ 29. Nxe4 Bb7 30. Bd5 Bxd5 31. Rxd5 Rb1+
32. Rd1 Rxd1+ 33. Kxd1 Kf7 $15) 23... b4 {threatening with the mate on e2.} 24.
Qe3 Rd8 $19 {Black is two pawns up, while, his monarch isn't safer, than the
black's one...} 25. Ne4 {Other continuations lead to black's decisive
advantage as well:} (25. Nxf7 Rxd5 $19) (25. Bf3 Qf4 26. Qxc5 Kg8 $19) (25. h3
Qe2+ 26. Qxe2 Bxe2 27. Nxf7 (27. Kxe2 Rxd6 $19) 27... Bxd1 28. Nxd8 Bxc2 29.
Ne6+ Ke7 30. Nxg7 Rd8 $19 {[%cal Ye7f7]}) 25... Kg8 {moving the king to safe
position.} 26. Nxc5 Bb5 27. axb4 (27. h3 {loses, in view of} Qh5 28. axb4 e4 $1
{[%cal Yd8d5,Gh5d5,Gh5d1,Gd8d1]} 29. Qxe4 Kh7 $19 {[%cal Gh8e8]}) 27... Qxb4+
28. c3 Qxb2 29. Ne4 Kh7 $2 ({Stronger was} 29... Bc4 $1 30. Bxc4 Rxd1+ 31. Kxd1
Qb1+ 32. Ke2 Qxh1 {[%cal Rh1h2,Yg8h7]} 33. Bxf7+ Kh7 $19) 30. h4 Rhf8 31. h5 g5
32. c4 ({Better chance was} 32. Nxg5+ hxg5 33. h6 Bxh6 $1 (33... Bf6 $2 34.
Be4+ Kh8 35. Rb1 {and white gets some chances.}) 34. Be4+ Kg7 35. Rb1 Qe2+ 36.
Qxe2 Bxe2 37. Kxe2 Rd6 $19 {[%cal Yf7f5]}) 32... Qb4+ 33. Nd2 (33. Qd2 Qxd2+
34. Rxd2 Be8 (34... Bd7 35. Nc5) 35. Nxg5+ hxg5 36. Be4+ f5 $19) 33... Bd7 34.
Rb1 Qa5 $19 {Black has succeeded to neutralize white's activity on the
kingside, that promises him a winning position, thank to material advantage.}
35. Ke2 Bf5 36. Rb5 Qc7 37. Rb7 Qc8 38. Ra7 (38. Rxf7 {loses as well:} Rxf7 39.
Bxf7 Bd3+ 40. Ke1 e4 $1 {[%cal Yg7c3]} 41. Bg6+ Kh8 42. Bxe4 Bxe4 43. Nxe4 Qxc4
$19) 38... Be6 39. Ra8 ({After} 39. Rxa4 Bxd5 40. cxd5 f5 41. Ra5 Qb7 $19 {
white is hopeless.}) 39... Qd7 40. Ra7 Qe8 41. Be4+ Kh8 42. Rb1 f5 43. Rbb7 Rf7
$2 ({Again black misses a simple way to win the game:} 43... fxe4 44. Rxg7
Qxh5+ 45. Ke1 Qh1+ 46. Nf1 (46. Ke2 Bxc4+ $19 {[%cal Yh1d1]}) 46... Rd1+ 47.
Kxd1 Qxf1+ $19 {[%cal Yf8f2]}) 44. Rxf7 Bxf7 45. Bxf5 Bxh5+ 46. f3 (46. Ke1 Qc6
$19) 46... e4 $1 {opening the position of white's monarch.} 47. Nxe4 {Other
continuations don't make white's life easier:} (47. Bxe4 Bd4 48. Rh7+ Kg8 49.
Qa3 Bg7 $19 {[%cal Yh5g6]}) (47. Qxe4 Qf8 $19 {[%cal Yd8e8]} (47... g4 $5))
47... Qe5 {White is hopeless against black's pieces activity.} 48. Rxg7 (48.
Bd7 a3 $19) 48... Kxg7 49. Qa7+ Bf7 50. Bd7 a3 51. Bc6 Qb2+ 52. Ke3 a2 53. Bd5
Rxd5 {getting another queen.} 0-1